书目信息 |
| 题名: |
伦敦工学院200个物理实验
|
|
| 作者: | 惠特利 , 亚伍德 著 ;蔡峰怡 译 | |
| 分册: | ||
| 出版信息: | 北京 科学技术文献出版社 1984.11 |
|
| 页数: | 419页 | |
| 开本: | 20cm | |
| 丛书名: | ||
| 单 册: | ||
| 中图分类: | O4-33 | |
| 科图分类: | ||
| 主题词: | 物理学 | |
| 电子资源: | ||
| ISBN: | ||
| 000 | 00672nam0 2200229 45 | |
| 001 | 0312221749 | |
| 005 | 20040705093640.0 | |
| 010 | @dCNY1.70 | |
| 091 | @a13176.172 | |
| 100 | @a20031222d1984 km y0chiy0120 ea | |
| 101 | @achi | |
| 105 | @a z 000yy | |
| 200 | 1 | @a伦敦工学院200个物理实验@ALun Dun Gong Xue Yuan 200 Ge Wu Li Shi Yan@f(英)惠特利,亚伍德著@F(Ying)Hui Te Li,Ya Wu De Zhu@g蔡峰怡等译 |
| 210 | @a北京@c科学技术文献出版社@d1984.11 | |
| 215 | @a419页@d20cm | |
| 606 | 0 | @a物理学 |
| 690 | @aO4-33@v3 | |
| 701 | 0 | @a惠特利@4著 |
| 701 | 0 | @a亚伍德@4著 |
| 702 | 0 | @a蔡峰怡@ACai Feng Yi@4译 |
| 801 | @aCN@bTSTCL@c20031222 | |
| 905 | @dO4-33@e101@b124225@f1 | |
| 伦敦工学院200个物理实验/(英)惠特利,亚伍德著/蔡峰怡等译.-北京:科学技术文献出版社,1984.11 |
| 419页;20cm |
| ISBN :CNY1.70 |
| ● |
| 相关链接 |
|
|
|
|
正题名:伦敦工学院200个物理实验
索取号:O4-33/101
 
预约/预借
| 序号 | 登录号 | 条形码 | 馆藏地/架位号 | 状态 | 备注 |
| 1 | 0124225 | 001940706 | 第三借阅区/ [索取号:O4-33/101] | 在馆 | |
| 2 | 0124226 | 202098782 | 第二样本阅览室/ [索取号:O4-33/101] | 在馆 | |
| 3 | 0127040 | 000391784 | 第三借阅区/ [索取号:O4-33/101] | 在馆 |